| 000 | 01367 a2200253 4500 | ||
|---|---|---|---|
| 003 | NUST | ||
| 005 | 20221230144928.0 | ||
| 010 | _a 2004055977 | ||
| 020 | _a0071445684 | ||
| 040 | _cNust | ||
| 082 | 0 | 0 | _a621.38456,MYE |
| 100 | 1 |
_aMyers, David J. _9106495 |
|
| 245 | 1 | 0 |
_aMobile video telephony for 3G wireless networks / _cDavid J. Myers. |
| 260 |
_aNew York : _bMcGraw-Hill, _cc2005. |
||
| 300 | _axx, 249 p. cm. | ||
| 505 | _aMigration to Third Generation Mobile Networks (Page-1), Basics of Multimedia Communication (Page-11), Media Coding(Page-43), Video Telephony over Mobile Swathed Networks (Page-57), The H.223 Multiplexer in Detail (Page-73), H.245 Command and Control in Detail (Page-89), Sessions Walk through (Page-117), Implementation Issues (Page-139), Video Telephony over Mobile Packet Networks (Page-151), Supplementary Services and Inter working (Page-165). | ||
| 650 | 0 |
_aGlobal system for mobile communications. _955579 |
|
| 650 | 0 |
_aMobile communication systems. _918556 |
|
| 650 | 0 |
_aVideo telephone. _9106496 |
|
| 856 | 4 | 2 |
_3Contributor biographical information _uhttp://www.loc.gov/catdir/bios/mh051/2004055977.html |
| 856 | 4 | 2 |
_3Publisher description _uhttp://www.loc.gov/catdir/description/mh051/2004055977.html |
| 856 | 4 | 2 |
_3Table of contents _uhttp://www.loc.gov/catdir/toc/mh051/2004055977.html |
| 942 |
_cBK _2ddc _k621.38456,MYE |
||
| 999 |
_c178707 _d178707 |
||